| 000 | 00786cam a2200205 i 4500 | ||
|---|---|---|---|
| 020 | _a013348596X | ||
| 020 | _a9780133485967 | ||
| 020 | _a9781292106007 | ||
| 082 | 0 | 0 |
_a624.18341 _bWIG _cL-38,P-121 |
| 100 | 1 |
_aWight, James K. _918384 |
|
| 245 | 1 | 0 |
_aReinforced concrete : _bmechanics and design / global edition _cJames K. Wight, F. E. Richart, Jr. Collegiate Professor, Department of Civil & Environmental Engineering, University of Michigan. |
| 250 | _a7th ed. | ||
| 260 |
_aEngland :. _bPearson Education. _c2016. |
||
| 300 |
_axix, 1144 pages : _billustrations ; _c27 cm |
||
| 526 |
_a0 _b0 _c0 _d624_183410000000000_WIG |
||
| 526 |
_a0 _b1 _c0 _d624_183410000000000_WIG |
||
| 650 | 0 | _aReinforced concrete construction. | |
| 650 | 0 |
_aReinforced concrete. _940928 |
|
| 942 |
_2ddc _cBK |
||
| 999 |
_c553814 _d553814 |
||